| 000 | 00683nam a2200181 4500 | ||
|---|---|---|---|
| 001 | 153671 | ||
| 003 | ES-MaACL | ||
| 005 | 20230906205331.0 | ||
| 008 | 950410s1843 sp |||| | spa d | ||
| 040 |
_aEUS _bspa _cEUS |
||
| 080 | _a94(460.253 Fregenal) | ||
| 100 | 1 |
_aSánchez Cid, Antonio María. _9133007 |
|
| 245 | 1 | 0 |
_aEpítome histórico de la gran villa de Fregenal, provincia de Andalucía Baja _b: cuyas interesantes noticas han sido tomadas de antiguos y modernos autores / _clas publica Antonio María Sánchez Cid. |
| 260 |
_aSevilla : _b[s.n.], _c1843. |
||
| 300 |
_aVIII, 333 p. ; _c19 cm. |
||
| 651 | 4 |
_aFregenal- _xHistoria. _9138872 |
|
| 852 |
_aES-MaACL _jD-2928 |
||
| 999 |
_c153671 _d153671 |
||